00442nam a2200181 a 4500001001300000003000900013005001700022008004100039020001000080082001300090100001300103245002300116260004800139300000900187500003500196505001000231650001900241nice12345678IN_TiNIC20260116011455.0050524s1891 lona grp 000 0 eng  ac10000a294bBAR aBarth, A aReligions of India aLondonbKegna Paul Trench and Companyc1891 a309p aincludes index and biblioraphy2 aindex aIndia-Religion